Bezpečnosť produktov a ochrana spotrebiteľa zborník vedeckých statí : Products Safety Congress

Saved in:
Bibliographic Details
Corporate Author: Obchodná fakulta EU. Katedra tovaroznalectva a kvality tovaru
Other Authors: Krnáčová, Paulína, 1983-, Janech, Juraj, Kollár, Vojtech
Format: Book
Language:Slovak
Published: Košice Euroedu, s. r. o. 2011
Subjects:
Tags: Add Tag
No Tags, Be the first to tag this record!

MARC

LEADER 00000nam a2200000 4500
001 0146347
005 20240502072636.2
020 |a 978-80-969219-6-6 
041 0 |a slo 
044 |a SK 
245 1 0 |a Bezpečnosť produktov a ochrana spotrebiteľa  |b zborník vedeckých statí : Products Safety Congress  |c Zborník zostavila: Paulína Krnáčová 
264 1 |a Košice  |b Euroedu, s. r. o.  |c 2011 
300 |a 99 s. 
610 2 0 |a bezpečnosť výrobkov 
610 2 0 |a bezpečnosť potravinová 
610 2 0 |a ochrana spotrebiteľa 
610 2 0 |a kvalita tovaru 
610 2 0 |a obaly 
610 2 0 |a hospodárstvo odpadové 
700 1 |a Krnáčová, Paulína, 1983- 
700 1 |a Janech, Juraj 
700 1 |a Kollár, Vojtech 
710 2 |a Obchodná fakulta EU. Katedra tovaroznalectva a kvality tovaru